| 000 | 01193nam a2200313 4500 | ||
|---|---|---|---|
| 001 | 33802 | ||
| 003 | BD-RjUL | ||
| 005 | 20211209052048.0 | ||
| 008 | 140511s1970 cau b 001 0ceng d | ||
| 020 | _a0520016998 | ||
| 035 | _a(BD-RjUL)33893 | ||
| 040 |
_aDLC _cDLC _dDLC _dBD-RjUL _beng |
||
| 041 | _aeng | ||
| 082 | 0 | 0 |
_a952.0099 _bPER 1970 |
| 245 | 0 | 0 |
_aPersonality in Japanese history / _cIntroduced and edited by Albert M. Craig and Donald H. Shively. |
| 260 |
_aBerkeley : _bUniversity of California Press, _c1970. |
||
| 300 |
_ax, 481 p. ; _c24 cm. |
||
| 350 | _a$8.75 | ||
| 500 | _a"Published under the auspices of the Center for Japanese and Korean Studies, University of California, Berkeley." | ||
| 504 | _aIncludes bibliographical references. and Index | ||
| 651 | 0 |
_aStatesmen _xJapan _xBiography. _9102645 |
|
| 651 | 0 |
_aJapan _xPolitics and government _y1600-1868. _9102646 |
|
| 700 | 1 |
_aCraig, Albert M., _eed. _977143 |
|
| 700 | 1 |
_aShively, Donald H. _q(Donald Howard), _d1921- _eed. _950536 |
|
| 710 | 2 |
_aUniversity of California, Berkeley. _bCenter for Japanese and Korean Studies. _9102647 |
|
| 942 |
_2ddc _cBK |
||
| 999 |
_c33802 _d33802 |
||